000 00616nam a2200241 a 4500
008 040127s1989 xo a g 0 slo c
020 _a808903943X
_c19
040 _aSNK
_bslo
_cSNK
_eAACR2
041 1 _aslo
044 _axo
_cSK
072 7 _a821.162.4-3
_2SNK
080 _a821.162.4-3
080 _a821.162.4-32
100 1 _aLauček, Anton
_d1950-
_4aut
245 1 0 _aOpušťák
_cAnton Lauček
250 _a2. vyd.
260 _aMartin
_bOsveta
_c1989
300 _a146 s.
_c21 cm
500 _aVyd. podľa ISBN
650 0 7 _anovely slovenské
_2SNK
650 0 7 _aSlovenská próza
_2SNK
958 _aAUL
999 _c12028
_d12028